01635nam a22002417a 450000500170000000700150001700800410003202000220007303500100009504000090010510000290011424501270014325000190027025600240028926000450031330000280035850005930038650602700097965000280124965000370127774000380131485600410135220240305165637.0cr|||| |||| 220720s2018 br |||||s|||| 00||0 por d a978-85-93741-22-7 a36770 avLex1 ade Moraes Mello, Cleyson10aDireito e(m) Verdadeh[Recurso electrónico] :bOs Novos Caminhos da Hermenêutica Jurídica /cCleyson de Moraes Mello a3ra. Edición aServicio en línea aRio de Janeiro:bEditora Processo,c2018 a1 recurso electrónico aEsta obra denominada Direito e(m) Verdade procura estabelecer uma relação entre os enunciados da norma jurídica com a questão da verdade ao nível das condições existenciais de possibilidade. A questão da essência do direito pertence necessariamente ao modo de ser de sua verdade e desvelamento. No horizonte da interpretação do direito, os enunciados da norma jurídica somente podem ser inteiramente compreendidos quando a verdade tem sua origem na sua abertura. Logo, o discurso jurídico pertence essencialmente à abertura do ser-aí (da-sein, ser-no-mundo).1 aDisponible solo en los productos indicadosdvLex GlobaldvLex Global (Academic Edition, excluding Law Schools)dvLex Global (U.S. Academic Edition, Law Schools)dvLex Global (U.S. Academic Edition, excluding Law Schools)dvLex Global (Academic Edition, Law Schools)04aDerecho MilitarzBrasil04aFilosofía y religiónzBrasil0 avLex Libros (Servicio en línea)40uhttps://app.vlex.com/#/sources/36770